| 000 -LEADER |
| fixed length control field |
00856cam a22002174a 4500 |
| 003 - CONTROL NUMBER IDENTIFIER |
| control field |
OSt |
| 005 - DATE AND TIME OF LATEST TRANSACTION |
| control field |
20200312130410.0 |
| 008 - FIXED-LENGTH DATA ELEMENTS--GENERAL INFORMATION |
| fixed length control field |
000531s2000 gw a b 001 0 eng |
| 020 ## - INTERNATIONAL STANDARD BOOK NUMBER |
| International Standard Book Number |
3764362170 |
| 082 00 - DEWEY DECIMAL CLASSIFICATION NUMBER |
| Classification number |
607.1 |
| Edition number |
21 |
| Item number |
PFA |
| 100 1# - MAIN ENTRY--PERSONAL NAME |
| Personal name |
Pfammatter, Ulrich. |
| 240 10 - UNIFORM TITLE |
| Uniform title |
<a href="Erfindung des modernen Architekten.">Erfindung des modernen Architekten.</a> |
| Language of a work |
English |
| 245 14 - TITLE STATEMENT |
| Title |
The making of the modern architect and engineer : |
| Remainder of title |
the origins and development of a scientific and industrially oriented education / |
| Statement of responsibility, etc |
Ulrich Pfammatter. |
| 260 ## - PUBLICATION, DISTRIBUTION, ETC. (IMPRINT) |
| Place of publication, distribution, etc |
Basel ; |
| -- |
Boston : |
| Name of publisher, distributor, etc |
Birkhauser-Publishers for Architecture, |
| Date of publication, distribution, etc |
2000. |
| 300 ## - PHYSICAL DESCRIPTION |
| Extent |
312 p. : |
| Other physical details |
ill. (some col.) ; |
| Dimensions |
24 cm. |
| 504 ## - BIBLIOGRAPHY, ETC. NOTE |
| Bibliography, etc |
Includes bibliographical references and index. |
| 650 #0 - SUBJECT ADDED ENTRY--TOPICAL TERM |
| Topical term or geographic name as entry element |
Technical education |
| General subdivision |
History. |
| 650 #0 - SUBJECT ADDED ENTRY--TOPICAL TERM |
| Topical term or geographic name as entry element |
Engineering |
| General subdivision |
Study and teaching |
| -- |
History. |
| 650 #0 - SUBJECT ADDED ENTRY--TOPICAL TERM |
| Topical term or geographic name as entry element |
Architecture |
| General subdivision |
Study and teaching |
| -- |
History. |
| 942 ## - ADDED ENTRY ELEMENTS (KOHA) |
| Source of classification or shelving scheme |
|